00856nam a2200181 i 450000100060000000300090000600500170001500700030003200800410003510000260007624500590010226000600016130000200022150502680024185200240050999900170053395201240055076553ES-MaACL20230906172858.0t|041004s1912 fr ||||1| fre d1 aGuiraud, Jean.96089010aHistoire partiale b: histoire vraic / cJean Guiraud. aParis : b[s.n., c1912] (eLille : fA. Taffin-Lefort) a4 v. ; c19 cm.8 aContiene: T. I: Des origines a Jeanne d'Arc. Treintième edition. -- T. II: Moyen Age-Renaissance. Reforme. Dumizième edition. -- T. III: L'acien regine (XVIIe-XVIII siecles) (1e partie). Septième edition. -- T. IV: L'ancien regine (XVIIe-XVIII) (2e partie). aES-MaACLjG-1087-90 c76553d76553 00104070aATENEOMbATENEOMcDEPO2d2008-01-17eSCl0oG-1087-90p1080108r2023-02-23 00:00:00w2023-02-23yMONOGRAFIA